| 000 | 00878cam a2200337 4500 | ||
|---|---|---|---|
| 001 | WS125636 | ||
| 008 | 040329n 000 0 eng u | ||
| 035 | _a(Sirsi) u125636 | ||
| 245 | _aabout-arts.com | ||
| 520 | _aWeb site which acts as a portal to high quality art related materials focusing on antiques. | ||
| 650 |
_aAuctioneering _96218 |
||
| 650 | _aBOOKS | ||
| 650 | _aCERAMICS | ||
| 650 | _aCLOCKS | ||
| 650 | _aCOINS | ||
| 650 | _aCOLLECTIBLES | ||
| 650 | _aDOLLS | ||
| 650 | _aFURNITURE | ||
| 650 | _aGLASS | ||
| 650 | _aMAPS | ||
| 650 | _aPRINTS | ||
| 650 | _aRUGS | ||
| 650 | _aSILVER | ||
| 650 | _aSTAMPS | ||
| 650 | _aTEXTILES | ||
| 650 | _aTOYS | ||
| 650 | _aWATCHES | ||
| 690 | _aANTIQUES AND FINE ART | ||
| 856 | 4 | 0 |
_uhttps://www.about-arts.com/antiques _zView the website free of charge at www.about-arts.com/antiques |
| 942 | _n0 | ||
| 999 |
_c120423 _d120423 |
||